Úplné znenie zákona o dani z príjmov

Zákon o dani z príjmov č. 595/2003 Z.z. v znení ďalších zákonov ... a zákona č. 567/2008

Gespeichert in:
Bibliographische Detailangaben
Format: Buchkapitel
Sprache:Slowakisch
Schlagworte:
Tags: Tag hinzufügen
Keine Tags, Fügen Sie das erste Tag hinzu!

MARC

LEADER 00000naa$a2200000$$$4500
001 0091256
005 20231114100458.4
041 0 |a slo 
044 |a SK 
245 1 0 |a Úplné znenie zákona o dani z príjmov 
520 |a Zákon o dani z príjmov č. 595/2003 Z.z. v znení ďalších zákonov ... a zákona č. 567/2008 
610 2 0 |a dane z príjmov 
610 2 0 |a zákony 
610 2 0 |a Slovensko 
610 2 0 |a 2003-2008